| 000 | 02052nam a22002657a 4500 | ||
|---|---|---|---|
| 003 | OSt | ||
| 005 | 20241007155929.0 | ||
| 008 | 241007b |||||||| |||| 00| 0 eng d | ||
| 020 | _a9781501374364 | ||
| 040 | _ctbs | ||
| 041 | _aEnglish | ||
| 100 |
_aRousso, Chelsea. _924225 |
||
| 245 |
_aFashion forward _b : a guide to fashion forecasting _c/ Chelsea Rousso, Nancy Ostroff |
||
| 250 | _aThird edition | ||
| 260 |
_aNew York _bFairchild Books, an imprint of Bloomsbury Publishing Inc. _c2024 |
||
| 300 | _a216 pages | ||
| 505 | _aPART I THE PRINCIPLES OF FASHION FORECASTING — Introduction To Fashion Forecasting — Brief History Of Contemporary Fashion — Fashion Movement — Social And Cultural Influences — Market And Sales Research For Forecasting — PART II DEVELOPING AND PRESENTING A FASHION FORECAST — Color — Textiles, Trims, Findings, And Materials — The Look — Creating And Presenting A Forecast — Glossary — Bibliography — Art Credits — Index. | ||
| 505 | _aInstructor Resources: Instructor's Guide provides suggestions for planning the course and using the text in the classroom, supplemental assignments, and lecture notes — PowerPoint® presentations include images from the book and provide a framework for lecture and discussion | ||
| 520 | _aUnlock the Secrets of Tomorrow's Style Today! In the ever-evolving world of fashion, staying ahead of the curve is essential. Fashion Forward: A Guide to Fashion Forecasting returns in its highly anticipated third edition to guide you through the dynamic realm of fashion prediction. Whether you're a budding fashion enthusiast, a trend-conscious designer, or a seasoned industry professional, this book is your compass to navigate the exciting and unpredictable landscape of fashion. | ||
| 650 | 0 |
_aFashion design _99703 |
|
| 650 | 0 |
_aFashion _xForecasting _910522 |
|
| 650 | 0 |
_aFashion _xbeauty industries _924227 |
|
| 700 |
_aOstroff, Nancy. _924226 |
||
| 942 | _2lcc | ||
| 999 |
_c4344 _d4344 |
||